000 01293cab a22002415a 4500
001 L149749
008 100421e20100421xxk 000 0 eng d
035 _a(Sirsi) u149749
041 0 _aeng
100 1 _aPartridge, Charles
245 0 0 _aCaught in a trap
260 _c2010
490 _aEstates Gazette
_v(1015) 17 April 2010, 84-86(3)
520 _aValuation Tribunal for England took over responsibility for rating and council tax appeals from 1 October 2009 from 56 local tribunals. Valuation Tribunal President Professor Graham Zellick has set up the Valuation Tribunal Users' Group made up of representatives of RICS, Institute of Revenues Rating and Valuation, Rating Surveyors' Association, Valuation Office Agency to review draft practice standards.
590 _aKA
650 2 4 _aLOCAL GOVERNMENT AND PUBLIC INVOLVEMENT IN HEALTH ACT 2007
650 2 4 _aVALUATION FOR ENGLAND (COUNCIL TAX AND RATIG APPEALS) (PROCEDURE) REGULATIONS 2009
651 4 _aEngland
_y886-
690 _aMANAGEMENT-DISPUTE AVOIDANCE, MANAGEMENT AND RESOLUTION-DISPUTE MANAGEMENT AND RESOLUTION
690 _aPROPERTY-COMMERCIAL PROPERTY-COMMERCIAL PROPERTY TAXATION-COMMERCIAL PROPERTY TAXATION VALUATION
690 _aPROPERTY-RESIDENTIAL PROPERTY-RESIDENTIAL PROPERTY TAXATION
942 _n0
999 _c82270
_d82270